00775cam a22002057a 4500003000500000005001700005008004100022010001000063011001000073035001000083040000900093100003400102245018700136260003700323300001000360502012400370650002500494650002700519650002300546CHAP20220329142649.0010920d2001 mx r 00110 spa d a86169 a87141 a97683 cCHAP00aAcevedo Luna, Juan Cándido.10aEfecto de la densidad de población y arreglo topológico sobre la producción de forraje en la línea L10 (R4M18) de soya en 50% de floraciónc/por Juan Cándido Acevedo Luna aCocula, Gro. :bEl autor,c2002. a42 h. aTesis (Ing. Agr. Zootecnista) -- Colegio Superior Agropecuario del Estado de Guerrero. Centro de Estudios Profesionales14aDensidad de siembra.14aForrajesxRendimiento.14aSoya como forraje.